Music Quiz

Random Music or Artist Quiz

VH1's One Hit Wonders Quiz Stats

 Plays Quiz Updated Oct 4, 2018

Score 0/100 Timer 13:00
6 Plays Today
Rank Song % Correct
7Ice Ice Baby
90.2%
6Who Let The Dogs Out
75.7%
12Baby Got Back
73.8%
4I'm Too Sexy
73.5%
8Take On Me
72.6%
3Come On Eileen
68%
2Tainted Love
64.7%
89Achy, Breaky Heart
61.9%
1The Macarena
59.3%
23Tubthumping
58%
66Mambo No. 5
57%
18Nothing Compares 2 U
55.8%
88Barbie Girl
55.7%
1099 Luftballons
54.4%
39Bittersweet Symphony
53.7%
41Relax
53.1%
24Whip It
52.1%
5Mickey
51.4%
51I'm Gonna Be (500 Miles)
50%
55It's Raining Men
49%
63Jump Around
48.1%
35Bitch
47.5%
17We're Not Gonna Take It
46.8%
46Don't Worry Be Happy
46%
83The Safety Dance
40.8%
59867-5309
40.8%
16Rapper's Delight
39.3%
21Cars
38.9%
99No Rain
38.5%
44Rock Me Amadeus
37.1%
58What Is Love?
36.8%
14Groove Is In The Heart
36.5%
50I Touch Myself
35.2%
80Cum On Feel The Noize
33.4%
Rank Song % Correct
9Rico Suave
33.2%
20She Blinded Me With Science
31.1%
31Unbelievable
31%
69Funkytown
30.6%
48True
30.6%
25Too Shy
30.3%
34Afternoon Delight
29%
37I Melt With You
28.8%
81Just A Friend
27.3%
45Lovefool
27.3%
22Play That Funky Music
27.3%
78Mmm Mmm Mmm Mmm
27.2%
91Electric Avenue
26.8%
85Spirit In The Sky
26.6%
94What's Up
26.2%
61Round And Round
25.7%
86Bust A Move
25.7%
36Turning Japanese
25.1%
53Somebody's Watching Me
25.1%
40In A Big Country
24.1%
67Epic
23.8%
64You Get What You Give
23.4%
96I Want Candy
23.4%
79Puttin' On The Ritz
21.9%
71How Bizarre
21.4%
11You Light Up My Life
21%
100Kung Fu Fighting
20.5%
29Pass The Dutchie
19.8%
97Whoomp! There It Is
19.8%
32Hot Hot Hot
19.7%
28It Takes Two
18.8%
47Rock & Roll, Pt. 2
17.7%
19In-A-Gadda-Da-Vida
17.5%
56Lovin' You
17.4%
Rank Song % Correct
72Maniac
17.4%
30Seasons In The Sun
16.7%
73Convoy
16.4%
77What I Am
16.3%
1596 Tears
14.4%
84You Gotta Be
14.4%
70The Night The Lights Went Out In Georgia
13.9%
27Pop Muzik
13.4%
57Smokin' In The Boys Room
13.2%
13The Hustle
12.4%
82I Know What Boys Like
11.2%
42Hot Child In The City
10.6%
76We Don't Have To Take Our Clothes Off
10.5%
95Harper Valley P.T.A.
10%
98Two Of Hearts
9.8%
68A Girl Like You
9.7%
92Heart & Soul
9.6%
49Turn The Beat Around
9%
38Me & Mrs. Jones
8.8%
62Future's So Bright, I Gotta Wear Shades
8.2%
60More, More, More
8.1%
43How Do You Talk To An Angel
7.2%
87Don't Leave Me This Way
7.1%
93Don't Give Up On Us Baby
6.7%
65In My House
6.3%
52Genius Of Love
6.1%
74Rebirth Of Slick (Cool Like Dat)
5.7%
75I've Never Been To Me
5.5%
26Stumblin' In
4.7%
33Got To Be Real
4.5%
54Makin' It
4%
90Don't Want To Fall In Love
3.2%

You're not logged in!

Compare scores with friends on all Sporcle quizzes.
OR
Log In

Sporcle TV

Today on Sporcle TV


Watch our educational content, quiz creation guides, and fun videos on Sporcle TV.

Show Comments

Extras

Top Quizzes Today


Score Distribution

Your Account Isn't Verified!

In order to create a playlist on Sporcle, you need to verify the email address you used during registration. Go to your Sporcle Settings to finish the process.

Report this User

Report this user for behavior that violates our Community Guidelines.

Details: